| 000 | 005390000a22001930004500 | ||
|---|---|---|---|
| 999 |
_c49232 _d49232 |
||
| 001 | 2084 | ||
| 003 | CO-MdFUSB | ||
| 005 | 20170830173353.0 | ||
| 008 | 170830b xxu||||| |||| 00| 0 eng d | ||
| 020 | _a958-615-615-X | ||
| 040 | _cCO-MdBIC | ||
| 082 | 0 | 4 | _a868F Z174f |
| 100 | 1 | _aZapata Olivella, Manuela | |
| 245 | 1 | 0 | _aFábulas de Tamalameque: Los animales hablan de paz / Manuela Zapata Olivella ; ilustrado por Olga Lucía Aldana |
| 260 | _aBogotá : Educar | ||
| 300 | _a72 P. | ||
| 505 | 0 | 0 | _aA partir de 9 años |
| 942 | _cLGB | ||